LEADER 00848nam a2200217 u 4500 001 000000090355 003 CaOOAMICUS 005 20070226124720.0 008 051212s1962 nyu u000 u eng u 035 $a11072177 040 $aPUL(R)$bita 100 1 $aSpurrier, William A.$0(OLS)http://pul/name/58472 245 10$aEthics and business /$cWilliam A. Spurrier. 260 $aNew York :$bCharles Scribner's Sons,$cc1962. 300 $a179 p. ;$c20 cm 650 4$aTeologia e società.$0(OLS)http://pul/subject/18824 850 $aPUL 852 $aPUL$W1$xDP1 Fondo Pastorale$y55$mP18 D 49$j114037$nBK-PRI$b $qFondi$B114037$CPULBib$Z2$F114037 $H $81 941 1 $a1 996 $6245$aEthics and business$9(OLS)http://pul/title/116708 996 $6260$aNew York :$bCharles Scribner's Sons$9(OLS)http://pul/publisher/76074 LEADER 01124nam a2200265 a 4500 001 000000139049 003 CaOOAMICUS 005 20140627124257.0 008 140627s1969 fr u000 u fre r 040 $aPUL$bita 100 1 $aPerroux, François,$d1903-$0(OLS)http://pul/name/32793 245 10$aFrançois Perroux interroge Herbert Marcuse ... qui répond. 260 $aParis :$bAubier-Montaigne,$c©1969. 300 $a211 p. ;$c18 cm 490 1 $aTiers-Monde et developpement 504 $aBibliografia in nota. 600 14$aMarcuse, Herbert,$d1898-1979$xFilosofia.$0(OLS)http://pul/subject/8704 700 1 $aMarcuse, Herbert,$d1898-1979.$0(OLS)http://pul/name/10739 830 0$aTiers-Monde et developpement.$0(OLS)http://pul/title/176044 850 $aPUL 852 $aPUL$W1$xDP1 Filosofia 1$y19$m590 I 72$j160552$qStampati$B159977$CPULBib$Z2$F159977 $H64166 $82 941 1 $a8 996 $6245$aFrançois Perroux interroge Herbert Marcuse ... qui répond$9(OLS)http://pul/title/176043 996 $6260$aParis :$bAubier-Montaigne$9(OLS)http://pul/publisher/47976